000 00668nam a2200193 i 4500
001 22538
003 ES-MaACL
005 20230906152720.0
007 t|
008 021203q1953 sp abo |||| | spa d
100 1 _aAlonso Gómez, Casto.
_920333
245 1 0 _aLeón
_b: manual del turista /
_cpor Casto Alonso Gómez y Marcelino García Menéndez.
260 _aValladolid :
_bEdiciones Libertad,
_c1953?]
300 _a467 p. :
_bil., fot., mapas ;
_c11 x 16 cm.
651 4 _aLeón (Provincia)-
_vGuías turísticas.
_9163622
651 4 _aLeón (Provincia)-
_xDescripción.
_9154425
700 1 _aGarcía Menéndez, Marcelino.
_954941
852 _aES-MaACL
_jD-8413
999 _c22538
_d22538